000 004840000a22001810004500
020 _a958-614-687-7
041 0 _aSPA
082 0 4 _aG 301 A674a
100 1 _aArciniegas, Germán (1900-)
245 1 0 _aAmérica mágica : Los hombres y los meses / Germán Arciniegas
260 _aBogotá, Colombia : Planeta
300 _a394 Pag
001 9209
942 _cBK
999 _c39273
_d39273
336 _atexto
_btxt
_2rdacontent
337 _2rdamedia
_asin mediación
_bn
338 _2rdacarrier
_avolumen
_bnc